Beginning technical mathematics / (Record no. 180125)
[ view plain ]
| 000 -LEADER | |
|---|---|
| fixed length control field | 01109 a2200193 4500 |
| 003 - CONTROL NUMBER IDENTIFIER | |
| control field | NUST |
| 005 - DATE AND TIME OF LATEST TRANSACTION | |
| control field | 20221102132848.0 |
| 010 ## - LIBRARY OF CONGRESS CONTROL NUMBER | |
| LC control number | 75033861 |
| 020 ## - INTERNATIONAL STANDARD BOOK NUMBER | |
| International Standard Book Number | 087909074X |
| 040 ## - CATALOGING SOURCE | |
| Transcribing agency | Nust |
| 082 00 - DEWEY DECIMAL CLASSIFICATION NUMBER | |
| Classification number | 510,ODO |
| 100 1# - MAIN ENTRY--PERSONAL NAME | |
| Personal name | O'Donnell, Jerry, |
| 9 (RLIN) | 102259 |
| 245 10 - TITLE STATEMENT | |
| Title | Beginning technical mathematics / |
| Statement of responsibility, etc. | Jerry O'Donnell. |
| 260 ## - PUBLICATION, DISTRIBUTION, ETC. | |
| Place of publication, distribution, etc. | Reston, Va. : |
| Name of publisher, distributor, etc. | Reston Pub. Co., |
| Date of publication, distribution, etc. | c1976. |
| 300 ## - PHYSICAL DESCRIPTION | |
| Extent | xi, 250 p. : |
| Other physical details | ill. ; |
| Dimensions | 24 cm. |
| 505 ## - FORMATTED CONTENTS NOTE | |
| Formatted contents note | Introduction, Definitions and Axioms and Arithmetic Function (Page-1), The Side Rules (Page-27), The Real –Number System and Operations with Signed Numbers (Page-57), Literal Numbers Expressions and Introductory Algebra (Page-71), Mental Multiplication and Fracturing (Page-89), Algebraic Fractions (Page-108), Linear Equations in One Unknown –Fractional Equations (Page-123), Graphs of Functions and linear Equations in two Unknowns (Page-147), Complex Numbers and Quadratic Equations (Page-174), Exponentials, Radical Expressions and Logarithms (Page-184), Introduction to Trigonometry (Page-206). |
| 650 #0 - SUBJECT ADDED ENTRY--TOPICAL TERM | |
| Topical term or geographic name entry element | Mathematics. |
| 942 ## - ADDED ENTRY ELEMENTS (KOHA) | |
| Source of classification or shelving scheme | |
| Koha item type | Book |
| Call number prefix | 510,ODO |
| Withdrawn status | Lost status | Source of classification or shelving scheme | Damaged status | Not for loan | Permanent Location | Current Location | Shelving location | Date acquired | Full call number | Barcode | Date last seen | Price effective from | Koha item type | Public note |
|---|---|---|---|---|---|---|---|---|---|---|---|---|---|---|
| Military College of Signals (MCS) | Military College of Signals (MCS) | General Stacks | 12/12/2016 | 510,ODO | MCS7580 | 12/08/2016 | 12/12/2016 | Book | Almirah No.10, Shelf No.1 |
